Eastern Utah Libraries Catalog: Duchesne, Heber, Roosevelt, & Vernal

Returning to earth / (Record no. 265580)

MARC details
000 -LEADER
fixed length control field 01234cam a2200373Ia 4500
001 - CONTROL NUMBER
control field ocn173154181
003 - CONTROL NUMBER IDENTIFIER
control field OCoLC
005 - DATE AND TIME OF LATEST TRANSACTION
control field 20200320181956.0
008 - FIXED-LENGTH DATA ELEMENTS--GENERAL INFORMATION
fixed length control field 070919s2007 nyu 000 1 eng d
020 ## - INTERNATIONAL STANDARD BOOK NUMBER
International Standard Book Number 0802143318 :
Terms of availability $14.00
020 ## - INTERNATIONAL STANDARD BOOK NUMBER
International Standard Book Number 9780802143310
020 ## - INTERNATIONAL STANDARD BOOK NUMBER
Terms of availability 14.00
035 ## - SYSTEM CONTROL NUMBER
System control number (OCoLC)173154181
040 ## - CATALOGING SOURCE
Original cataloging agency AMP
Transcribing agency AMP
Modifying agency BAKER
-- WACOL
049 ## - LOCAL HOLDINGS (OCLC)
Holding library WACL
092 ## - LOCALLY ASSIGNED DEWEY CALL NUMBER (OCLC)
Classification number Fic
Item number Har
092 ## - LOCALLY ASSIGNED DEWEY CALL NUMBER (OCLC)
Classification number F
Item number Har
100 1# - MAIN ENTRY--PERSONAL NAME
Personal name Harrison, Jim,
Dates associated with a name 1937-
9 (RLIN) 6092
245 10 - TITLE STATEMENT
Title Returning to earth /
Statement of responsibility, etc Jim Harrison.
250 ## - EDITION STATEMENT
Edition statement Trade paperback
260 ## - PUBLICATION, DISTRIBUTION, ETC. (IMPRINT)
Place of publication, distribution, etc New York :
Name of publisher, distributor, etc Grove Press,
Date of publication, distribution, etc c2007.
300 ## - PHYSICAL DESCRIPTION
Extent 280 p. ;
Dimensions 21 cm.
650 #0 - SUBJECT ADDED ENTRY--TOPICAL TERM
Topical term or geographic name as entry element Amyotrophic lateral sclerosis
General subdivision Patients
Form subdivision Fiction.
9 (RLIN) 5839430
650 #0 - SUBJECT ADDED ENTRY--TOPICAL TERM
Topical term or geographic name as entry element Death
Form subdivision Fiction.
9 (RLIN) 5679145
650 #0 - SUBJECT ADDED ENTRY--TOPICAL TERM
Topical term or geographic name as entry element Indians
General subdivision Mixed descent
Form subdivision Fiction.
9 (RLIN) 5746295
651 #0 - SUBJECT ADDED ENTRY--GEOGRAPHIC NAME
Geographic name Upper Peninsula (Mich.)
Form subdivision Fiction.
9 (RLIN) 5709408
650 #0 - SUBJECT ADDED ENTRY--TOPICAL TERM
Topical term or geographic name as entry element Family
Geographic subdivision Michigan
Form subdivision Fiction.
9 (RLIN) 5839431
650 #0 - SUBJECT ADDED ENTRY--TOPICAL TERM
Topical term or geographic name as entry element Memory
Form subdivision Fiction.
9 (RLIN) 5675777
938 ## -
-- Baker & Taylor
-- BKTY
-- 14.00
-- 10.50
-- 0802143318
-- 0007186490
-- active
942 ## - ADDED ENTRY ELEMENTS (KOHA)
Koha item type BOOK
948 ## - LOCAL PROCESSING INFORMATION (OCLC); SERIES PART DESIGNATOR (RLIN)
Series part designator, SPT (RLIN) 10/26/2007
z (OCLC) Sirsi
994 ## -
-- 02
-- WACOL
996 ## -
-- 58277
-- 34301000611121
-- F
-- bk
-- wcl
-- i
-- 11
-- 14.00
-- Amazon.com
-- Har
-- 11/14/2007
-- 09/12/2018
-- 09/07/2018
Holdings
Withdrawn status Lost status Source of classification or shelving scheme Damaged status Not for loan Collection code Home library Current library Shelving location Date acquired Source of acquisition Cost, normal purchase price Total Checkouts Total Renewals Full call number Barcode Date last seen Date checked out Cost, replacement price Price effective from Koha item type
    Dewey Decimal Classification     Fiction Wasatch County Library Wasatch County Library First Floor 11/14/2007 Amazon 14.00 14 3 F Harrison 34301000611121 02/29/2024 07/25/2023 14.00 03/20/2020 BOOK
This project was made possible through a grant from the Institute of Museum and Library Service administered by the Utah State Library Division.

Wasatch County Library

  • 465 East 1200 South, Heber City, Utah 84032
  • Phone 435-654-1511 | Fax 435-654-6456

Hours

  • Monday - Friday 9:30 AM - 8:00 PM
  • Saturday 9:30 AM - 1:30 PM
  • Closed Sundays and Holidays